|
|
|
|
| LEADER |
00000cam a2200000 7i4500 |
| 001 |
0000061521 |
| 005 |
20100919093000.0 |
| 008 |
090323s2004 le ara |
| 050 |
0 |
0 |
|a B741
|b .R35 2004
|
| 090 |
0 |
0 |
|a B741
|b .R35 2004
|
| 100 |
1 |
|
|a رمضان, انصاف ,
|e author
|
| 245 |
1 |
2 |
|a التفكير الفلسفي الاسلامي
|c انصاف رمضان
|
| 260 |
|
|
|a Dimashq :
|b Dar Qutaybah ,
|c 2004
|
| 300 |
|
|
|a 262 p. ;
|c 24 cm.
|
| 504 |
|
|
|a Includes bibliographical references (p. 257-258)
|
| 650 |
|
0 |
|a Islam and philosophy
|
| 650 |
|
0 |
|a Islamic philosophy
|x History
|
| 650 |
|
0 |
|a Philosophy, Ancient
|x History
|
| 740 |
0 |
2 |
|a Tafkir al-falsafi al-Islami
|
| 999 |
|
|
|a 1000125340
|b Book
|c OPEN SHELF (30 DAYS)
|e Gong Badak Campus
|